Multimédia současnost budoucnosti /

Na minha lista:
Detalhes bibliográficos
Main Authors: Sokolowsky, Peter (Author), Šedivá, Zuzana (Author)
Formato: Livro
Idioma:tcheco
Publicado em: Praha : Grada, 1994
Edição:1.vyd.
Assuntos:
Tags: Adicionar Tag
Sem tags, seja o primeiro a adicionar uma tag!

MARC

LEADER 00000nam a22000003a 4500
001 stu7165
005 20150617225809.3
008 941205s1994----xr------------------cze-d
020 |a 80-7169-081-3 
040 |a STU  |b slo 
041 0 |a cze 
044 |a xr 
080 |a 681.327.18 
100 1 |a Sokolowsky, Peter  |4 aut 
245 1 |a Multimédia současnost budoucnosti /  |c [aut.] Sokolowsky,Peter; ředivá,Zuzana 
250 |a 1.vyd. 
260 |a Praha :  |b Grada,  |c 1994 
300 |a 204 s 
650 7 |a multimédiá  |2 stusub 
650 7 |a CD-ROM  |2 stusub 
650 7 |a DVI technológie  |2 stusub 
700 1 |a Šedivá, Zuzana  |4 aut 
996 |b 284EK06884  |c E*79384  |l EE01  |s A  |a 24  |w stu7165_0001 
996 |c I*2HS4896  |l I  |s A  |a 24  |w stu7165_0002 
996 |b 284IK06578  |c I*2HS5023  |l I  |s A  |a 24  |w stu7165_0004 
996 |b E81765  |c E*81765  |l EELSDV  |s P  |a 0  |w stu7165_0006 
996 |b E81764  |c E*81764  |l EELSDV  |s P  |a 0  |w stu7165_0007